000 01198nam0a22002651 4500
001 rc\526437
005 20030616165343.6
035 _a(NLR Aleph) 005764948
090 _a4976964
_c4976964
100 _a20030616d1987 u |0rusy50 ca
101 0 _arus
102 _aRU
105 _ay |||||||||
200 1 _aПРОБЛЕМЫ эффективности журналисткой деятельности в условиях ускорения социально-экономического развития
_eНауч.-аналит. обзор
_fАН СССР, ИНИОН
_g[Д. филол. н., проф. Е.П. Прохоров
_gРед. к. ист. н. И.А. Федякин]
210 _aМ.
_cИНИОН
_d1987
215 _a72 с.
_d20
320 _aБиблиогр.: с. 61-72
702 1 _aПрохоров
_bЕ. П.
_gЕвгений Павлович
_4220
702 1 _aФедякин
_bИ. А.
_gИгорь Алексеевич
_4340
712 0 2 _aИнститут науч. информации по общественным наукам
_cМосква
_3RU\NLR\AUTH\88992
801 0 _aRU
_bNLR
_gpsbo
801 1 _aRU
_bELAR
_2rusmarc
852 _aNLR
_j88-4/6242
942 _cBOOK
980 _aNB